[Event "3rd Open"]
[Site "Malaga ESP"]
[Date "2000.02.27"]
[Round "3"]
[White "Bellon Lopez,JM"]
[Black "Kolev,At"]
[Result "1/2-1/2"]
[WhiteElo "2446"]
[BlackElo "2548"]

1.d4 Nf6 2.Bg5 e6 3.e4 h6 4.Bxf6 Qxf6 5.Nc3 d6 6.Qd2 g5 7.O-O-O Bg7 8.h4 Bd7
9.hxg5 hxg5 10.Rxh8+ Bxh8 11.Nb5 Bxb5 12.Bxb5+ c6 13.Be2 Nd7 14.Nh3 Bg7 15.Nxg5 Bh6
16.f4 O-O-O 17.g3 Rg8 18.e5 Qxg5 19.fxg5 Bxg5 20.Bh5 Bxd2+ 21.Kxd2 dxe5 22.Bxf7 Rxg3
23.Bxe6 exd4 24.Kc1 c5 25.c3 Re3 26.Bxd7+ Kxd7 27.cxd4 cxd4  1/2-1/2

[Event "Oz.com qualifier blitz"]
[Site "Internet ICC"]
[Date "2000.03.05"]
[Round "3"]
[White "Ottosen,D"]
[Black "Horton,J"]
[Result "0-1"]
[WhiteElo "2114"]
[BlackElo "2255"]

1.d4 Nf6 2.Bg5 e6 3.Nc3 Be7 4.Nf3 c5 5.e4 cxd4 6.Nxd4 Nc6 7.Qd2 a6 8.O-O-O Qa5
9.f4 h6 10.Bh4 Nxe4 11.Nxe4 Qxd2+ 12.Rxd2 Bxh4 13.Nd6+ Kf8 14.f5 Bg5 15.Nf3 Bxd2+
16.Kxd2 Ke7 17.Nc4 b5 18.Ne3 Bb7 19.Bd3 Rhe8 20.Re1 Kf8 21.c3 Rac8 22.g4 Na5
23.Nd4 Nc4+ 24.Nxc4 bxc4 25.Bc2 e5 26.Ne2 d5 27.Ng3 f6 28.Ba4 Bc6 29.Bc2 Rb8
30.b3 Bb5 31.b4 Bc6 32.a4 d4 33.cxd4 exd4 34.Rb1 Re5 35.Nh5 Rbe8 36.Nf4 Kf7
37.b5 axb5 38.axb5 Rxb5 39.Ra1 Rb2 40.Ra7+ Re7 41.Rxe7+ Kxe7 42.Kc1 Ra2 43.Kb1 Ra3
44.Ne6 d3 45.Bd1 g5 46.Kb2 Ra8 47.Kc3 Ra1 48.Kd2 c3+ 49.Kxd3 Rxd1+ 50.Kxc3 Rh1
51.Nd4 Bd5  0-1

[Event "FSIMA March"]
[Site "Budapest HUN"]
[Date "2000.03.13"]
[Round "8"]
[White "Reiss,T"]
[Black "Eperjesi,L"]
[Result "1/2-1/2"]
[WhiteElo "2255"]
[BlackElo "2365"]

1.d4 Nf6 2.Bg5 e6 3.e4 Be7 4.Nc3 h6 5.Bh4 d6 6.Nf3 Nh5 7.Bxe7 Qxe7 8.Qd2 a6
9.O-O-O Nd7 10.e5 g5 11.d5 Nxe5 12.Nxe5 dxe5 13.Qe2 Nf4 14.Qxe5 f6 15.Qe3 exd5
16.Qxe7+ Kxe7 17.g3 d4 18.Rxd4 Ne6 19.Rd2 h5 20.Nd5+ Kf7 21.Bc4 Kg7 22.Ne7 Nc5
23.Nxc8 Raxc8 24.b4 Ne4 25.Rd7+ Kg6 26.f3 Nd6 27.Bd3+ f5 28.Re1 Rhe8 29.Rxe8 Nxe8
30.g4 hxg4 31.fxg4 Ng7 32.Rd5 Rh8 33.gxf5+ Kf6 34.Rd7 Rxh2 35.Rxc7 Nxf5 36.Bxf5 Kxf5
37.Rxb7 g4 38.Rg7 Kf4 39.a4 g3 40.b5 axb5 41.axb5 g2 42.Kb2 Kf3 43.Rf7+ Ke4
44.Rg7 Kf3 45.Rf7+  1/2-1/2

[Event "NED-chT"]
[Site "Leeuwarden NED"]
[Date "2000.03.19"]
[Round "6"]
[White "Retera,J"]
[Black "Konson,K"]
[Result "1/2-1/2"]
[WhiteElo "2230"]
[BlackElo "2244"]

1.d4 Nf6 2.Bg5 e6 3.e4 h6 4.Bxf6 Qxf6 5.Nc3 Bb4 6.Qd2 c5 7.a3 cxd4 8.axb4 dxc3
9.Qxc3 Qxc3+ 10.bxc3 Ke7 11.Bd3 Nc6 12.b5 Ne5 13.f4 Nxd3+ 14.cxd3 d5 15.exd5 exd5
16.Nf3 a5 17.bxa6 bxa6 18.Kd2 a5 19.Ne5 a4 20.Rhe1 Kf6 21.g4 g5 22.d4 gxf4
23.Rf1 Be6 24.Rxf4+ Kg7 25.Rff1 Rhb8 26.Ra2 Rb6 27.Rfa1 Rba6 28.Nd3 Kf6 29.Nb4 Ra5
30.Nc6 R5a6 31.Nb4 Ra5 32.Nc6 Rb5 33.Nb4 Kg5 34.Rxa4 Rxa4 35.Rxa4 Kxg4 36.Ke3 f5
37.Ra6 f4+ 38.Kf2 Kf5 39.Nd3 h5 40.Ke2 Rb1 41.Nxf4 Bc8 42.Ra8 Kxf4 43.Rxc8 Rb2+
44.Kd3 Rxh2 45.Rf8+ Kg4 46.Rd8 Rh3+ 47.Kc2 h4 48.Rxd5 Rf3 49.Rd8 h3 50.Rg8+ Kf4
51.Rh8 Kg3 52.c4 h2 53.c5 Rf4 54.Rxh2 Kxh2 55.Kd3 Kg3 56.c6 Rf8 57.Ke4 Kg4
58.Ke5 Re8+ 59.Kd6 Rd8+ 60.Kc5 Kf5 61.c7 Rc8 62.Kd6  1/2-1/2

[Event "ch-ISL (team)"]
[Site "Reykjavik ISL"]
[Date "2000.03.24"]
[Round "?"]
[White "Rogers,I"]
[Black "Stefansson,H"]
[Result "0-1"]
[WhiteElo "2562"]
[BlackElo "2566"]

1.d4 Nf6 2.Bg5 e6 3.e4 h6 4.Bxf6 Qxf6 5.Nf3 d6 6.Nc3 Nd7 7.Qd2 a6 8.O-O-O Qd8
9.h4 b5 10.Kb1 Bb7 11.d5 Nb6 12.Nxb5 axb5 13.Bxb5+ Nd7 14.dxe6 fxe6 15.Ne5 c6
16.Nxc6 Qb6 17.Nd4 e5 18.Qb4 Kd8 19.Ne6+ Ke7 20.Qb3 Ba6 21.Rd5 Nf6 22.Rhd1 Nxd5
23.Rxd5 Bc8 24.Nd4 exd4 25.e5 Be6 26.exd6+ Qxd6 27.Rxd6 Bxb3 28.Rd7+ Ke6
29.axb3 Rb8 30.Ba4 Bc5 31.Rxg7 d3 32.cxd3 Bxf2 33.Rg4 Rhg8 34.Re4+ Kd6 35.b4 Rxg2
36.Bb3 Rh2  0-1

[Event "FSGM April"]
[Site "Budapest HUN"]
[Date "2000.04.06"]
[Round "6"]
[White "Galyas,M"]
[Black "Tolnai,T"]
[Result "1/2-1/2"]
[WhiteElo "2440"]
[BlackElo "2514"]

1.d4 Nf6 2.Bg5 e6 3.e4 h6 4.Bxf6 Qxf6 5.Nc3 Bb4 6.Qd2 d6 7.a3 Ba5 8.Nf3 Nd7
9.Bd3 c6 10.O-O e5 11.dxe5 Nxe5 12.Nxe5 dxe5 13.Rad1 Qg5 14.Bc4 Qxd2 15.Rxd2 Ke7
16.Rfd1 f6 17.b4 Bc7 18.Ne2 Rd8 19.Rxd8 Bxd8 20.Ng3 g6 21.Bf7 Bg4 22.f3 Bxf3
23.gxf3 Kxf7 24.Rd7+ Be7 25.Rxb7 a5 26.Nf1 axb4 27.axb4 Ra4 28.Rc7 Rxb4 29.Rxc6 Bd8
30.Kf2 Ke7  1/2-1/2

[Event "19th Open"]
[Site "Reykjavik ISL"]
[Date "2000.04.07"]
[Round "3"]
[White "Jackson,A"]
[Black "Gunnarsson,J"]
[Result "0-1"]
[WhiteElo "2207"]
[BlackElo "2400"]

1.d4 Nf6 2.Bg5 e6 3.e4 h6 4.Bxf6 Qxf6 5.Nc3 d6 6.Qd2 g5 7.O-O-O Bg7 8.g3 Nc6
9.d5 Nb4 10.Kb1 exd5 11.a3 Nc6 12.exd5 Ne7 13.f4 gxf4 14.Nge2 f3 15.Nf4 h5
16.Bb5+ Kd8 17.Rdf1 a6 18.Bd3 Qh6 19.Rxf3 h4 20.Re1 Bg4 21.Rff1 Be5 22.Ne4 Qg7
23.c4 b6 24.Ng5 Kc8 25.Nxf7 Qxf7 26.Ng6 Qg7 27.Nxh8 Bh5 28.g4 Be8 29.c5 bxc5
30.Qe2 Rb8 31.Bxa6+ Kd8 32.Nf7+ Bxf7 33.Bb5 Bxd5  0-1

[Event "FSGM April"]
[Site "Budapest HUN"]
[Date "2000.04.11"]
[Round "11"]
[White "Galyas,M"]
[Black "Balogh,C"]
[Result "1/2-1/2"]
[WhiteElo "2440"]
[BlackElo "2356"]

1.d4 Nf6 2.Bg5 e6 3.e4 h6 4.Bxf6 Qxf6 5.Nf3 d6 6.Nc3 Nd7 7.Qd2 a6 8.Bd3 Qd8
9.O-O Be7 10.Rad1 b5 11.e5 Bb7 12.Ne4 O-O 13.Rfe1 Nb6 14.c3 Nd5 15.Bb1 Re8
16.Qc2 g6 17.h4 Bxh4 18.exd6 cxd6 19.Nxh4 Qxh4 20.Nxd6 Re7 21.Nxb7 Rxb7 22.Qe2 Re7
23.Qf3 Rd8 24.Re5 Nf6 25.g3 Qg4 26.Qxg4 Nxg4 27.Rc5 Red7 28.Re1 Nf6 29.Bd3 Rd5
30.Rc6 R5d6 31.Rxd6 Rxd6 32.Bf1 Kf8 33.Ra1 Rb6 34.Re1 Ke7 35.Bg2 Kd6 36.Bf3 h5
37.Re2 Rb8 38.Kf1 Nd7 39.Ke1  1/2-1/2

[Event "73rd City-ch"]
[Site "St Petersburg RUS"]
[Date "2000.04.11"]
[Round "9"]
[White "Chepukaitis,G"]
[Black "Ionov,S"]
[Result "1/2-1/2"]
[WhiteElo "2393"]
[BlackElo "2558"]

1.d4 Nf6 2.Bg5 e6 3.Nd2 c5 4.e3 cxd4 5.exd4 Be7 6.Ngf3 b6 7.Bd3 Bb7 8.O-O O-O
9.Re1 Nc6 10.c3 Ne4 11.Bxe7 Nxe7 12.a4 Qc7 13.Ne5 d6 14.Nef3 Nf6 15.Ne4 Nxe4
16.Bxe4 Bxe4 17.Rxe4 Nd5 18.Qe2 Rac8 19.g3 Qc4 20.Qxc4 Rxc4 21.Re2 Rb8 22.Nd2 Rc6
23.Kf1 Kf8 24.Ree1 Ne7 25.Ke2 Nf5 26.Kd3 d5 27.Nf1 Nd6 28.Re3 Rc7 29.f3 h5
30.Re2 g6 31.b3 Rd8 32.Rc2 Nb7 33.Rac1 Na5 34.Nd2 Nc6 35.f4 Rdc8 36.Ra1 Kg7
37.Nf1 Na5 38.Rb1 Rd7 39.Ne3 Nb7 40.Rbc1 Rcd8 41.Nf1 Na5 42.Rb1 Rc7 43.Ne3 Rdc8
44.Rbb2 Nc6 45.Rb1 Rb7 46.Ra2 Kf6 47.Rd2 b5 48.axb5 Rxb5 49.Ra2 a5 50.h4 Ne7
51.Ra3 Nf5 52.Nf1 Nd6 53.Raa1 Ne4 54.c4 Rb4 55.Rxa5 Rcxc4 56.bxc4 Rxb1 57.cxd5 exd5
58.Rxd5 Nxg3 59.Nxg3 Rb3+ 60.Ke4 Rxg3 61.Rd6+ Ke7  1/2-1/2

[Event "Open"]
[Site "Dos Hermanas ESP"]
[Date "2000.04.12"]
[Round "6"]
[White "Miladinovic,I"]
[Black "Banikas,H"]
[Result "1/2-1/2"]
[WhiteElo "2538"]
[BlackElo "2535"]

1.d4 Nf6 2.Bg5 e6 3.e3 b6 4.Nd2 Bb7 5.Ngf3 c5 6.Bd3 Be7 7.c3 O-O 8.O-O Nc6
9.a3 cxd4 10.Bxf6 Bxf6 11.exd4 Ne7 12.Be4 Qb8 13.Re1  1/2-1/2

[Event "Foxwoods Open"]
[Site "Connecticut USA"]
[Date "2000.04.23"]
[Round "6"]
[White "Rensch,D"]
[Black "Smith,BG"]
[Result "1-0"]
[WhiteElo "2151"]
[BlackElo "2316"]

1.d4 Nf6 2.Bg5 e6 3.e4 h6 4.Bxf6 Qxf6 5.Nf3 d6 6.c3 b6 7.Bb5+ c6 8.Ba4 Ba6
9.Nbd2 Be7 10.e5 Qf4 11.Bc2 f5 12.exd6 Bxd6 13.Bb3 O-O 14.Bxe6+ Kh8 15.Bc4 Re8+
16.Kf1 c5 17.g3 Qg4 18.Qa4 Bxc4+ 19.Nxc4 Bf8 20.Kg2 f4 21.Nd6 fxg3 22.Nf7+  1-0

[Event "3rd Open"]
[Site "Tanta City EGY"]
[Date "2000.05.11"]
[Round "8"]
[White "Pisk,P"]
[Black "Sameeh,H"]
[Result "1/2-1/2"]
[WhiteElo "2407"]
[BlackElo "2292"]

1.d4 Nf6 2.Bg5 e6 3.e4 h6 4.Bxf6 Qxf6 5.Nf3 c5 6.c3 Nc6 7.Be2 cxd4 8.cxd4 Bb4+
9.Nc3 d6 10.O-O O-O 11.Rc1 a6 12.Qb3 Bxc3 13.Qxc3 Rd8 14.Rfd1 Bd7 15.Qe3 Rac8
16.g3 Be8 17.Kg2 Qe7 18.h4 f5 19.Bd3 Bg6 20.a3 Qf6 21.Bb1 fxe4 22.Bxe4 Bxe4
23.Qxe4 Qf5 24.Qxf5 exf5 25.d5 Ne7 26.Nd4 g6 27.h5 gxh5 28.Rh1 Rxc1 29.Rxc1 Rd7
30.Re1 f4 31.gxf4 Nxd5 32.Kf3 Re7 33.Rg1+ Kh7 34.f5 Rg7 35.Rh1 Nf6 36.Ne6 Rf7
37.Rd1 Ng4 38.Kf4 Nxf2 39.Rxd6 Ng4 40.b4 Nf2 41.a4 Ng4 42.b5 axb5 43.axb5 Nf6
44.Rd8 h4 45.b6 Nh5+ 46.Kg4 h3 47.Rd3 h2 48.Rh3 Nf6+ 49.Kf4 Kg8 50.Rxh2 Nd5+
51.Ke5 Nxb6 52.Rxh6 Nc4+ 53.Kf4 Nd6 54.f6 Ne8  1/2-1/2

[Event "Open"]
[Site "Pula CRO"]
[Date "2000.05.20"]
[Round "5"]
[White "Sulava,N"]
[Black "Rogulj,B"]
[Result "1-0"]
[WhiteElo "2486"]
[BlackElo "2437"]

1.d4 Nf6 2.Bg5 e6 3.e4 h6 4.Bxf6 Qxf6 5.Nc3 Bb4 6.Qd2 d5 7.e5 Qd8 8.a3 Be7
9.Nf3 b6 10.Bb5+ c6 11.Ba4 a5 12.O-O Ba6 13.Rfe1 g5 14.h3 h5 15.Nh2 b5 16.Bb3 c5
17.dxc5 Bxc5 18.Rad1 Ra7 19.Ne4 Be7 20.Nf6+ Bxf6 21.exf6 Qxf6 22.Qxd5 O-O
23.Qe5 Kg7 24.Nf3 Qxe5 25.Rxe5 g4 26.hxg4 hxg4 27.Rg5+ Kf6 28.Rxg4 Rc7 29.Ng5 Ke7
30.Re1 Bc8 31.c3 Na6 32.Nf3 Nc5 33.Bc2 Nb7 34.Nd4 Nd6 35.Rg5 Bd7 36.Bd3 Rb8
37.f4 Kf6 38.Re2 b4 39.Rxa5 bxc3 40.b3 Be8 41.Bc2 Rd8 42.Rh5 Rcc8 43.g4 Kg7
44.Rh7+ Kg8 45.Reh2 Kf8 46.g5 Nf5 47.Nxf5 exf5 48.Rh8+ Kg7 49.R2h7+ Kg6 50.Rh6+ Kg7
51.Bxf5 Rd1+ 52.Kf2 Rf1+ 53.Kxf1 Bb5+ 54.Kf2 Rxh8 55.Rxh8 Kxh8 56.Ke3  1-0

[Event "Guillermo Garcia Premier I"]
[Site "Santa Clara CUB"]
[Date "2000.05.29"]
[Round "5"]
[White "Bellon Lopez,JM"]
[Black "Fiorito,F"]
[Result "1-0"]
[WhiteElo "2446"]
[BlackElo "2459"]

1.d4 Nf6 2.Bg5 e6 3.Nf3 c5 4.e3 Be7 5.Bd3 O-O 6.O-O b6 7.Nbd2 Bb7 8.Re1 Nc6
9.c3 cxd4 10.Bxf6 Bxf6 11.exd4 d6 12.a4 g6 13.Nc4 Rb8 14.Qd2 Re8 15.Rad1 Na5
16.Qf4 Nxc4 17.Bxc4 Kg7 18.Bb5 Rf8 19.b3 a6 20.Bd3 Re8 21.Be4 Bxe4 22.Rxe4 b5
23.axb5 Rxb5  1-0

[Event "FSGM June"]
[Site "Budapest HUN"]
[Date "2000.06.10"]
[Round "8"]
[White "Galyas,M"]
[Black "Belichev,N"]
[Result "0-1"]
[WhiteElo "2440"]
[BlackElo "2414"]

1.d4 Nf6 2.Bg5 e6 3.e4 h6 4.Bxf6 Qxf6 5.Nf3 d6 6.Nc3 Nd7 7.Qd2 c6 8.O-O-O Be7
9.Kb1 e5 10.h4 O-O 11.d5 Nc5 12.Be2 Qg6 13.h5 Qh7 14.Bd3 f5 15.Rde1 Kh8 16.Nh4 Bxh4
17.Rxh4 Bd7 18.f3 Rad8 19.Bf1 cxd5 20.exd5 a5 21.f4 e4 22.Bb5 Qg8 23.Bxd7 Rxd7
24.Nd1 Qf7 25.Ne3 Qf6 26.Rh3 Na4 27.c3 Nc5 28.Nc2 Nd3 29.Rxd3 exd3 30.Qxd3 Re7
31.Rxe7 Qxe7 32.Nd4 Qe1+ 33.Kc2 Qf2+ 34.Qd2 Qxd2+ 35.Kxd2 Kh7 36.c4 g6 37.hxg6+ Kxg6
38.Nb5 Rd8 39.a3 Kf6 40.b4 axb4 41.axb4 Rg8 42.Nxd6 Rxg2+ 43.Ke3 h5 44.Nxb7 h4
45.d6 Ke6 46.c5 h3  0-1

[Event "VII Open"]
[Site "Linares CHI"]
[Date "2000.06.24"]
[Round "2"]
[White "Abiuso,D"]
[Black "Godoy,D"]
[Result "0-1"]
[WhiteElo "2007"]
[BlackElo "2355"]

1.d4 Nf6 2.Bg5 e6 3.Nf3 c5 4.e3 Qb6 5.Qc1 Ne4 6.Bf4 Nc6 7.c3 d5 8.Bd3 Bd7
9.Nbd2 f5 10.a4 Rc8 11.Qb1 Be7 12.Bxe4 fxe4 13.Ne5 cxd4 14.exd4 Nxe5 15.Bxe5 Qc6
16.Qd1 O-O 17.Qe2 Qb6 18.O-O Be8 19.Rfb1 Bg6 20.Qe3 Qd8 21.Re1 Bg5 22.Qe2 Qe8
23.Nf1 Bh5 24.Qc2 Bf4 25.Bxf4 Rxf4 26.Ng3 Bg6 27.Qe2 Qf7 28.Rad1 h5 29.Qe3 Rf8
30.Rf1 h4 31.Nh1 Bh5 32.Rc1 Qg6 33.Qh3 Bg4 34.Qxh4 Bf3 35.Qh3 Rh4 36.Qg3 Rg4
37.gxf3 Rxg3+ 38.fxg3 exf3 39.Nf2 Qh5 40.Nd3 Qe8 41.Rce1 Qxa4 42.Nc5 Qb5
43.b4 Qc4 44.Nxe6 f2+ 45.Rxf2 Rxf2 46.Kxf2 Qxc3 47.b5  0-1

[Event "VII Open"]
[Site "Linares CHI"]
[Date "2000.06.26"]
[Round "7"]
[White "Arancibia,E"]
[Black "Basualto,P"]
[Result "1-0"]
[WhiteElo "2379"]
[BlackElo "2085"]

1.d4 Nf6 2.Bg5 e6 3.e4 h6 4.Bxf6 gxf6 5.c3 d5 6.Nd2 b6 7.exd5 Qxd5 8.Be2 c6
9.Bf3 Qd7 10.Ne4 Be7 11.c4 Bb7 12.Ne2 Qc7 13.O-O Nd7 14.Rc1 f5 15.N4c3 Bg5
16.Rb1 O-O-O 17.Qa4 Kb8 18.b4 e5 19.Qc2 e4 20.Nxe4 fxe4 21.Bxe4 Nf6 22.Bf3 h5
23.a4 Ng4 24.g3 c5 25.Bxb7 Qxb7 26.bxc5 h4 27.cxb6 a6 28.d5 hxg3 29.Nxg3 Nxh2
30.Rfd1 Qd7 31.Qf5 Qxf5 32.Nxf5 Rdg8 33.Ng3 Be3 34.Kg2 Bc5 35.Rh1 Ng4 36.Rxh8 Rxh8
37.Ne4 Bd4 38.Rd1 Bxb6 39.c5 f5 40.Rb1 Kc8 41.Nd6+ Kc7 42.Rxb6 Rh2+ 43.Kg3 Rxf2
44.Rb7+ Kd8 45.c6 Rc2 46.Rd7+  1-0

[Event "ch-SVK U-20"]
[Site "Bratislava SVK"]
[Date "2000.07.01"]
[Round "5"]
[White "Petrik,T"]
[Black "Rigo,Z"]
[Result "0-1"]
[WhiteElo "2339"]
[BlackElo "2268"]

1.d4 Nf6 2.Bg5 e6 3.Nd2 h6 4.Bh4 d5 5.Ngf3 c5 6.c3 Nc6 7.e3 Be7 8.Bd3 b6
9.O-O O-O 10.Rc1 Bb7 11.Bb1 Rc8 12.Qc2 g6 13.Qa4 a6 14.dxc5 bxc5 15.e4 dxe4
16.Nxe4 Nxe4 17.Qxe4 Bxh4 18.Nxh4 Na5 19.Qf4 Qg5 20.Qg3 Nc4 21.Bc2 Qxg3 22.hxg3 Rfd8
23.Rfd1 Nd2 24.Nf3 Nxf3+ 25.gxf3 Bxf3 26.Rd3 Rxd3 27.Bxd3 a5 28.Kf1 Rd8 29.Be2 Ba8
30.Ke1 Kf8 31.a3 Ke7 32.b4 axb4 33.cxb4 cxb4 34.axb4 Bd5 35.b5 Kd6 36.Kd2 h5
37.Ke3 Rh8 38.f3 g5 39.Rh1 f5 40.Rh2 e5 41.Kf2 f4 42.Rh1 h4 43.gxh4 gxh4
44.Bf1 Be6 45.Bh3 Bxh3 46.Rxh3 Kc5 47.Rh1 h3 48.Rc1+ Kxb5 49.Kg1 h2+ 50.Kh1 Kb4
51.Rc2 Rh3 52.Re2 Kc3 53.Rxe5 Kd3 54.Re8 Rxf3 55.Kxh2 Rg3 56.Re7 Rg8 57.Re6 f3
58.Re7 f2 59.Re6 f1=Q 60.Rd6+ Kc3 61.Rc6+ Qc4  0-1

[Event "World Open"]
[Site "Philadelphia USA"]
[Date "2000.07.04"]
[Round "9"]
[White "Hodgson,Ju"]
[Black "Ivanov,AV"]
[Result "1/2-1/2"]
[WhiteElo "2625"]
[BlackElo "2541"]

1.d4 Nf6 2.Bg5 e6 3.e4 h6 4.Bxf6 Qxf6 5.c3 d6 6.Bd3 g6 7.Ne2 Bg7 8.O-O Nd7
9.f4 Qe7 10.e5 b6 11.Be4 d5 12.Bd3 h5 13.c4 Bb7 14.cxd5 Bxd5 15.Nbc3 Bb7
16.Be4 Bxe4 17.Nxe4 O-O 18.Rc1 Rac8 19.N2c3 a6 20.Qa4 Nb8 21.d5 Rfd8 22.Qb3 Nd7
23.Kh1 Bh6 24.Rcd1 Kg7 25.a4 Nf8 26.Nf6 Nh7 27.Nce4 exd5 28.Nxd5 Qe6 29.f5 Qxe5
30.f6+ Kh8 31.Ne7 Rxd1 32.Rxd1 Rf8 33.Qxf7 Rxf7 34.Nxg6+ Kg8 35.Nxe5 Rf8
36.Ng6 Nxf6 37.Nxf8 Nxe4 38.Re1 Nf2+ 39.Kg1 Nd3 40.Rd1 Nxb2 41.Rb1 Nxa4 42.Ne6 c5
43.Nc7 a5 44.Kf2 c4 45.Ke1 Be3 46.Nb5 h4 47.Ke2 Bf4 48.h3 Be5 49.Rf1 Kg7
50.Rf5 Bg3 51.Rg5+ Kf6 52.Rg4 Nb2 53.Nc3 Kf5 54.Kd2 a4 55.Kc2 a3 56.Kb1 Nd3
57.Rxc4 Ne1 58.Ne2 Nxg2 59.Nxg3+ hxg3 60.Rg4 Nf4 61.Rxg3 b5 62.Ka2 b4 63.Kb3 Ne2
64.Rg8 Nd4+ 65.Ka2 Ne2 66.h4 Nc1+ 67.Kb1 a2+ 68.Kb2 b3 69.Rg5+ Kf4 70.Rg1 Ne2
71.h5 Nxg1 72.h6 Nf3 73.h7 Nd4 74.h8=Q Nc2 75.Qh4+ Kf5 76.Qf2+  1/2-1/2

[Event "Equitable Card Invitational"]
[Site "Quezon City PHI"]
[Date "2000.07.07"]
[Round "8"]
[White "Tu Hoang Thong"]
[Black "Mariano,N"]
[Result "1/2-1/2"]
[WhiteElo "2515"]
[BlackElo "2403"]

1.d4 Nf6 2.Bg5 e6 3.e4 h6 4.Bxf6 Qxf6 5.Nc3 d6 6.Qd2 Nd7 7.Bc4 c6 8.Nge2 e5
9.O-O g5 10.Rad1 h5 11.b4 h4 12.f3 a6 13.Bb3 Bh6 14.Qd3 Qg6 15.dxe5 dxe5
16.Na4 Qf6 17.Qc3 Bf8 18.f4 exf4 19.e5 Nxe5 20.Nb6 Rb8 21.Nxf4 gxf4 22.Rfe1 Rh5
23.Nc4 Bg7 24.Rxe5+ Rxe5 25.Nxe5 Be6 26.Re1  1/2-1/2

[Event "Politiken Cup"]
[Site "Copenhagen DEN"]
[Date "2000.07.22"]
[Round "6"]
[White "El Kher,H"]
[Black "Ward,C"]
[Result "1/2-1/2"]
[WhiteElo "2374"]
[BlackElo "2508"]

1.d4 Nf6 2.Bg5 e6 3.e4 h6 4.Bxf6 Qxf6 5.Nc3 Bb4 6.Ne2 Nc6 7.Qd3 e5 8.O-O-O Qxf2
9.d5 Nb8 10.Ng3 O-O 11.Be2 Qf4+ 12.Kb1 d6 13.h4 Qf6 14.Rdf1 Qe7 15.Nf5  1/2-1/2

[Event "KB Czech Open"]
[Site "Pardubice CZE"]
[Date "2000.07.23"]
[Round "3"]
[White "Jirovsky,Pa"]
[Black "Brodsky,M"]
[Result "1/2-1/2"]
[WhiteElo "2348"]
[BlackElo "2532"]

1.d4 Nf6 2.Bg5 e6 3.Nf3 h6 4.Bh4 d6 5.e3 g5 6.Bg3 Nh5 7.Nfd2 Nxg3 8.hxg3 Nd7
9.Bd3 Bg7 10.c3 Qe7 11.Na3 Nf6 12.Qc2 a6 13.O-O-O b6 14.Rde1 Bb7 15.e4 O-O-O
16.Kb1 Kb8 17.f3 Rc8 18.Qa4 Qd7 19.Qb3 Ka7 20.Nac4 Qd8 21.e5 Ne8 22.exd6 cxd6
23.Na3 d5 24.Qa4 Nd6 25.Nb5+ Nxb5 26.Bxb5 Rc7 27.g4 Qc8 28.Nf1 Bc6 29.Bxc6 Rxc6
30.Ne3 Qc7 31.Qb3 Rc8 32.Nc2 Bf8 33.Re2 Qd7 34.Nb4 R6c7 35.Nd3 Qd6 36.a3 Qc6
37.Ne5 Qe8 38.Nd3  1/2-1/2

[Event "15th Open"]
[Site "Avoine FRA"]
[Date "2000.07.28"]
[Round "7"]
[White "Leroy,D"]
[Black "Clery,N"]
[Result "1-0"]
[WhiteElo "2378"]
[BlackElo "2241"]

1.d4 Nf6 2.Bg5 e6 3.e4 h6 4.Bxf6 Qxf6 5.Nc3 d6 6.Qd2 g5 7.Nge2 Bg7 8.Rd1 Nc6
9.Nb5 Qe7 10.d5 Ne5 11.Qc3 Kd8 12.Qb3 f5 13.Nec3 Ng6 14.dxe6 Bxe6 15.Bc4 Bxc4
16.Qxc4 a6 17.Nd4 Bxd4 18.Qxd4 Qe5 19.Qb4 fxe4 20.Qxb7 Kd7 21.Nd5 Rad8 22.O-O Nf4
23.Qxc7+ Ke8 24.Rfe1 Nxd5 25.Qc6+ Kf7 26.Rxd5 Rc8 27.Qd7+ Qe7 28.Rf5+  1-0

[Event "World Open"]
[Site "Philadelphia USA"]
[Date "2000.07.28"]
[Round "1"]
[White "Hodgson,Ju"]
[Black "Saint Amand,P"]
[Result "1-0"]
[WhiteElo "2625"]
[BlackElo "2211"]

1.d4 Nf6 2.Bg5 e6 3.e4 h6 4.Bxf6 Qxf6 5.c3 d6 6.Bd3 Nd7 7.Ne2 g6 8.O-O Bg7
9.f4 Qe7 10.e5 O-O 11.Nd2 b6 12.Qe1 Bb7 13.Qg3 dxe5 14.fxe5 Qg5 15.Qxg5 hxg5
16.Be4 Bxe4 17.Nxe4 Bh6 18.g4 c5 19.Rf2 cxd4 20.cxd4 Rac8 21.N2c3 a6 22.Raf1 Rc7
23.Nd6 Nb8 24.Nce4 Re7 25.Rc2 b5 26.Rfc1 Ra7 27.Nf6+ Kh8 28.Rc8 Nd7 29.Nxd7 Rxd7
30.Rxf8+ Bxf8 31.Rc8 Kg8 32.Kf2 f6 33.Ke3 fxe5 34.dxe5 Kg7 35.Rc7 Re7 36.Rxe7+ Bxe7
37.Ne8+ Kf7 38.Nc7 Bc5+ 39.Ke4 Ke7 40.Nxa6 Bg1 41.Nc7 Bxh2 42.Nxb5 Kd7 43.Nd4  1-0

[Event "Continental Open"]
[Site "Los Angeles USA"]
[Date "2000.07.29"]
[Round "6"]
[White "Steinfl,A"]
[Black "Sterin,I"]
[Result "1/2-1/2"]
[WhiteElo "2281"]
[BlackElo "2230"]

1.d4 Nf6 2.Bg5 e6 3.e4 h6 4.Bxf6 Qxf6 5.Nf3 b6 6.Bd3 Bb7 7.Qd2 g5 8.h3 Nc6
9.c3 Qf4 10.Qxf4 gxf4 11.Nbd2 Rg8 12.O-O d6 13.d5 Ne5 14.Nxe5 dxe5 15.dxe6 fxe6
16.Bc4 Ke7 17.Rfd1 Kf6 18.b4 Rg7 19.f3 a5 20.a3 Rd8 21.Nb3 Rxd1+ 22.Rxd1 a4
23.Nc1 Bc6 24.Rd8 Rd7 25.Rxd7 Bxd7 26.Nd3 Bg7 27.Kf2 Ke7 28.Ke2 Kd6 29.Ba2 c5
30.bxc5+ bxc5 31.Nb2 Bf6 32.Kd3 Kc7 33.Bb1 Kb6 34.Bc2 Ka5 35.Nc4+ Ka6 36.Kd2 Bb5
37.Nb2 Ka5 38.Bd3 Be7 39.Bc4 Bf8 40.Kd3 Bd6 41.Bxb5 Kxb5 42.c4+ Ka5 43.Ke2 h5
44.Kf2 h4 45.Ke2 Bc7 46.Nd3 Kb6 47.Nb2 Ka5  1/2-1/2

[Event "HZ Open"]
[Site "Vlissingen NED"]
[Date "2000.07.30"]
[Round "3"]
[White "Groffen,H"]
[Black "David,Alb"]
[Result "1/2-1/2"]
[WhiteElo "2224"]
[BlackElo "2487"]

1.d4 Nf6 2.Bg5 e6 3.e4 h6 4.Bxf6 Qxf6 5.Nc3 Bb4 6.Qd2 e5 7.dxe5 Qxe5 8.Nge2 O-O
9.O-O-O d6 10.f4 Qf6 11.Qe3 c6 12.h3 Nd7 13.g4 Qh4 14.Ng3 Nf6 15.Bd3 Bd7
16.Kb1 Rae8 17.Qf3 g6 18.Nce2 Bc5 19.c3 Nh7 20.Bc2 a5 21.a3 Be6 22.f5 Bc4
23.b4 Bb6 24.Rxd6 Qe7 25.Rhd1 Ng5 26.Qg2 Rd8 27.Rxd8 Rxd8 28.Rxd8+ Qxd8 29.h4 Nh7
30.e5 axb4 31.fxg6 b3 32.gxh7+ Kh8 33.Qf3 bxc2+ 34.Kxc2 Qxh4 35.Qe4 Be6 36.Qb4 Qd8
37.Nf5 Kxh7 38.Nd6 Bc7 39.Qe4+ Kg8 40.Nd4 Bd5 41.Qf4 Qg5 42.Qxg5+ hxg5 43.Kd3 b6
44.N4f5 Kf8 45.Ke3 Be6 46.Ke4 b5 47.Ne3 Ke7  1/2-1/2

[Event "HZ Open"]
[Site "Vlissingen NED"]
[Date "2000.08.02"]
[Round "6"]
[White "Groffen,H"]
[Black "Van Beek,L"]
[Result "1/2-1/2"]
[WhiteElo "2224"]
[BlackElo "2416"]

1.d4 Nf6 2.Bg5 e6 3.e4 h6 4.Bxf6 Qxf6 5.Nc3 Bb4 6.Qd2 e5 7.dxe5 Qxe5 8.Nge2 d6
9.O-O-O Nc6 10.f4 Qf6 11.Kb1 Ba5 12.Nd5 Qd8 13.Nec3 Bg4 14.Re1 Bd7 15.Bd3 Qh4
16.g3 Qh3 17.e5 O-O 18.g4 dxe5 19.fxe5 Qh4 20.Qf4 Be6 21.Qe4 g6 22.Nf4 Ne7
23.Nxe6 fxe6 24.Bc4 Bxc3 25.Bxe6+ Kg7 26.bxc3 Qf2 27.Qd4 Rad8 28.Qxf2 Rxf2
29.Rd1 Rxh2 30.Rxd8 Rxh1+ 31.Kb2 Re1 32.Rd7 Rxe5 33.Bc4 c6 34.Rxb7 a5 35.Kb3 Kf6
36.Rd7 Kg5 37.Rd4 h5 38.gxh5 gxh5 39.Bf1 Re1 40.Bg2 Re2 41.Bh3 Re3 42.Rd3 Re5
43.Rd4 Re3  1/2-1/2

[Event "TCh-ESP"]
[Site "Barcelona ESP"]
[Date "2000.08.06"]
[Round "2"]
[White "Hernando Rodrigo,Jo"]
[Black "Reinaldo Castineira,R"]
[Result "0-1"]
[WhiteElo "2343"]
[BlackElo "2416"]

1.d4 Nf6 2.Bg5 e6 3.e4 h6 4.Bxf6 Qxf6 5.Qd2 g5 6.Nc3 d6 7.Bc4 Nc6 8.Nge2 Bd7
9.O-O Bg7 10.Rad1 O-O-O 11.Nb5 a6 12.Na3 h5 13.b4 h4 14.f3 g4 15.fxg4 Qg6
16.h3 Qxe4 17.Kh1 Qg6 18.b5 axb5 19.Nxb5 Bh6 20.Qc3 f5 21.d5 exd5 22.gxf5 Bxf5
23.Bxd5 Be4 24.Bxe4 Qxe4 25.Rf7 Rhg8 26.Na7+ Kb8 27.Nxc6+ bxc6 28.Qf3 Qxf3
29.Rxf3 Rdf8 30.Nd4 c5 31.Nc6+ Kb7 32.Ne7 Rg3 33.Rxf8 Bxf8 34.Nf5 Rc3 35.Rd2 Rc4
36.Kg1 Ra4 37.Kf1 Kc6 38.Ke2 Rf4 39.Ne3 Bh6 40.Rd3 c4 41.Ra3 Re4 42.Kf3 Rf4+
43.Ke2 Re4 44.Kf3 Rf4+ 45.Ke2 Re4 46.Kf3 Rxe3+ 47.Rxe3 Bxe3 48.Kxe3 Kb5 49.g4 hxg3
50.Kf3 d5 51.Kxg3 d4 52.Kf3 Kb4 53.Ke2 Kc3 54.Kd1 Kb2 55.Kd2 c3+ 56.Kd3 c5
57.a4 c4+ 58.Kxd4 Kxc2 59.a5 Kb3 60.a6 c2 61.a7 c1=Q 62.a8=Q Qf4+ 63.Kc5 Qe5+
64.Kb6 Qd6+ 65.Kb5 Qb4+  0-1

[Event "ch-GBR"]
[Site "Millfield ENG"]
[Date "2000.08.08"]
[Round "8"]
[White "D'Costa,L"]
[Black "Rayner,F"]
[Result "1/2-1/2"]
[WhiteElo "2157"]
[BlackElo "2256"]

1.d4 Nf6 2.Bg5 e6 3.e4 c5 4.e5 h6 5.Bc1 Nh7 6.dxc5 Nc6 7.Bd3 Nxe5 8.Bxh7 Rxh7
9.Be3 Qc7 10.Qd4 Nc6 11.Qd3 Rh8 12.Nd2 b6 13.cxb6 axb6 14.Qc3 b5 15.Ngf3 b4
16.Qc4 Ba6 17.Qg4 Qa5 18.Nb3 Qb5 19.Nfd4 Nxd4 20.Nxd4 Qc4 21.Qe2 Qxe2+ 22.Nxe2 Rc8
23.Rc1 Bd6 24.c3 Bxe2 25.Kxe2 bxc3 26.bxc3 Ke7 27.a4 Ra8 28.Ra1 Bc7 29.Bc5+ d6  1/2-1/2

[Event "Proclient Cup"]
[Site "Olomouc CZE"]
[Date "2000.08.09"]
[Round "10"]
[White "Szymanski,M"]
[Black "Simacek,P"]
[Result "0-1"]
[WhiteElo "2325"]
[BlackElo "2341"]

1.d4 Nf6 2.Bg5 e6 3.e4 Be7 4.e5 Nd5 5.Bxe7 Qxe7 6.c4 Qb4+ 7.Qd2 Qxd2+ 8.Kxd2 Ne7
9.Nc3 b6 10.Nf3 Bb7 11.Bd3 f5 12.exf6 gxf6 13.Be4 Bxe4 14.Nxe4 Kf7 15.Nc3 Rg8
16.g3 Nf5 17.Rad1 c5 18.Kc1 Ke7 19.Rhe1 Nc6 20.d5 Ncd4 21.Nxd4 Nxd4 22.dxe6 dxe6
23.Re3 Rad8 24.Nd5+ Kf7 25.Nf4 Rge8 26.b3 Rd6 27.Ne2 e5 28.Nc3 f5 29.f3 Rh6
30.Rd2 Rh3 31.Nd5 f4 32.gxf4 exf4 33.Rxe8 Kxe8 34.Nxf4 Rxf3 35.Nd5 h5 36.Nc7+ Ke7
37.Rg2 h4 38.Nb5 Nxb5 39.cxb5 Kf6 40.Kb2 h3 41.Rd2 Kg5 42.Ka3 Rf7 43.Rd8 Rf2
44.Rg8+ Kf4 45.Rf8+ Ke3 46.Ra8 Rxh2 47.Rxa7 Rf2 48.Rh7 h2 49.b4 c4  0-1